| 000 | 01233nam2a2200265 4500 | ||
|---|---|---|---|
| 001 | RU\NLR\bibl\1872442 | ||
| 005 | 20250616190959.0 | ||
| 010 |
_a978-5-98290-109-5 _91000 |
||
| 021 |
_aRU _b2012-5714 _9413 |
||
| 035 | _a(NLR Aleph) 001862271 | ||
| 090 |
_a2547729 _c2547729 |
||
| 100 | _a20120221d2012 |||y0rusy50 ca | ||
| 101 | 0 | _arus | |
| 102 | _aRU | ||
| 105 | _aacg ||||||||| | ||
| 200 | 1 | _a[2008-2010] | |
| 210 |
_d2012 _aБ. м. |
||
| 215 |
_a940 с., [1] л. портр. _cил., нот. |
||
| 327 | 1 | _aСодерж.: циклы: Заповеди зэка; Триумф Тамплиеров; Искусство обожать; Аталанта; Дом блаженств | |
| 461 | 0 |
_1001RU\NLR\bibl\1275245 _12001#$aПоэзия Грааля$vТ. 8 _9379465 _aБереславский, В. Я. (эзотерик, контактер, писатель ; 1946-) _cМосква _d2007 _fБлаженный Иоанн _nМестная религиозная организация Община Православной Церкви Божией Матери Державная _tПоэзия Грааля _vТ. 8 |
|
| 801 | 0 |
_aRU _bNLR _c20120221 _gRCR |
|
| 801 | 1 |
_aRU _bNLR _c20120221 |
|
| 942 | _cBOOK | ||
| 980 | _aNB | ||